ბათუმის შოთა რუსთაველის სახელმწიფო უნივერსიტეტის ბიბლიოთეკა

სუბტროპიკული ტექნიკური კულტურები : (ბიბ.ჩანაწერი № 54178)

000 -ლიდერი
ფიქსირებული სიგრძის საკონტროლო ველი 01736nam a2200277Ia 4500
001 - საკონტროლო ნომერი
საკონტროლო ველი 21234
003 - საკონტროლო ნომრის იდენტიფიკატორი
საკონტროლო ველი GE_BSU
005 - ბოლო ოპერაციის თარიღი და დრო
საკონტროლო ველი 20211006134408.0
008 - ფიქსირებული სიგრძის მონაცემთა ელემენტები - ზოგადი ინფორმაცია
ფიქსირებული სიგრძის საკონტროლო ველი 181216s2013||||ge |||||||||||||| ||geo||
020 ## - წიგნის საერთაშორისო სტანდარტული ნომერი
International Standard Book Number 9789941429507
040 ## - კატალოგიზაციის წყარო
Transcribing agency GE_BSU
041 ## - ენის კოდი
Language code of text/sound track or separate title geo
080 ## - უნივერსალური ათობითი კლასიფიკაციის ინდექსი
Universal Decimal Classification number 633.5/9(213)(075.8)+634 ჯ-22
100 ## - მთავარი ჩანაწერი - პიროვნების სახელი
Personal name ჯაბნიძე, რეზო
9 (RLIN) 2484
245 ## - ცნობა სათაურის შესახებ
Title სუბტროპიკული ტექნიკური კულტურები :
Remainder of title (სახელმძღვ. უმაღლ. სასწ. აგრარ. დარგის სტუდენტებისათვის, ს/მ სპეციალისტებისა და ფერმერებისათვის) /
Statement of responsibility, etc რეზო ჯაბნიძე ; რედ.: გურამ კილასონია, შოთა ლამპარაძე.
264 ## - წარმოების, გამოცემის, დისტრიბუციის და სხვა ცნობები
გამოცემის, წარმოების, დისტრიბუციის... ადგილი ბათუმი :
გამოცემის, წარმოების, დისტრიბუციის... სახელწოდება [ბათუმის უნ-ტის სტ.],
გამოცემის, წარმოების, დისტრიბუციის... თარიღი 2013.
300 ## - ფიზიკური აღწერა
Extent 346 გვ. :
Other physical details ილ. ;
Dimensions 21 სმ.
504 ## - BIBLIOGRAPHY, ETC. NOTE
Bibliography, etc ბიბლიოგრაფია გვ. : 336-342
520 ## - SUMMARY, ETC.
Summary, etc რეზიუმე რუსულ და ინგლისურ ენებზე
653 ## - INDEX TERM--UNCONTROLLED
Uncontrolled term სოფლის მეურნეობა
653 ## - INDEX TERM--UNCONTROLLED
Uncontrolled term სუბტროპიკული ტექნიკური კულტურები - სახელმძღვანელოები უმაღლესი სასწავლებლებისათვის
700 ## - ADDED ENTRY--PERSONAL NAME
Personal name კილასონია, გურამ
Relator term რედაქტორი
9 (RLIN) 12598
700 ## - ADDED ENTRY--PERSONAL NAME
Personal name ლამპარაძე, შოთა
Relator term რედაქტორი
9 (RLIN) 1795
942 ## - ADDED ENTRY ELEMENTS (KOHA)
Koha item type წიგნი
Source of classification or shelving scheme
ეგზემპლარები
ჩამოწერის სტატუსი დაკარგული ეგზემპლარის სტატუსი კლასიფიკაციის წყარო ან თაროზე გაწყობის სქემა დაზიანების სტატუსი არ გაიცემა მუდმივი მდებარეობა (დაცვის ადგილი) ამჟამინდელი ადგილსამყოფელი თაროზე განთავსების ადგილი შეძენის თარიღი ღირებულება, შესყიდვის ნორმალური ფასი სრული შენახვის შიფრი შტრიხკოდი ბოლო ოპერაციის თარიღი ეგზემპლარის მიმდევრობითი ნომერი (კეტერი?) ფასის ძალაში შესვლის თარიღი ეგზემპლარის სახეობა საჯარო შენიშვნა
          ბათუმის შოთა რუსთაველის სახელმწიფო უნივერსიტეტის მთავარი ბიბლიოთეკა ბათუმის შოთა რუსთაველის სახელმწიფო უნივერსიტეტის მთავარი ბიბლიოთეკა წიგნსაცავი 2018-12-17 12.50 633.5/9(213)(075.8)+634 ჯ-22 55026 2018-12-17 55026 2018-12-17 წიგნი 12.50 ₾.
          ბათუმის შოთა რუსთაველის სახელმწიფო უნივერსიტეტის მთავარი ბიბლიოთეკა ბათუმის შოთა რუსთაველის სახელმწიფო უნივერსიტეტის მთავარი ბიბლიოთეკა წიგნსაცავი 2018-12-17 12.50 633.5/9(213)(075.8)+634 ჯ-22 55027 2018-12-17 55027 2018-12-17 წიგნი 12.50 ₾.
          ბათუმის შოთა რუსთაველის სახელმწიფო უნივერსიტეტის მთავარი ბიბლიოთეკა ბათუმის შოთა რუსთაველის სახელმწიფო უნივერსიტეტის მთავარი ბიბლიოთეკა წიგნსაცავი 2018-12-17 12.50 633.5/9(213)(075.8)+634 ჯ-22 55028 2018-12-17 55028 2018-12-17 წიგნი 12.50 ₾.
          ბათუმის შოთა რუსთაველის სახელმწიფო უნივერსიტეტის მთავარი ბიბლიოთეკა ბათუმის შოთა რუსთაველის სახელმწიფო უნივერსიტეტის მთავარი ბიბლიოთეკა წიგნსაცავი 2018-12-17 12.50 633.5/9(213)(075.8)+634 ჯ-22 55029 2018-12-17 55029 2018-12-17 წიგნი 12.50 ₾.
          ბათუმის შოთა რუსთაველის სახელმწიფო უნივერსიტეტის მთავარი ბიბლიოთეკა ბათუმის შოთა რუსთაველის სახელმწიფო უნივერსიტეტის მთავარი ბიბლიოთეკა წიგნსაცავი 2018-12-17 12.50 633.5/9(213)(075.8)+634 ჯ-22 55030 2018-12-17 55030 2018-12-17 წიგნი 12.50 ₾.
          ბათუმის შოთა რუსთაველის სახელმწიფო უნივერსიტეტის მთავარი ბიბლიოთეკა ბათუმის შოთა რუსთაველის სახელმწიფო უნივერსიტეტის მთავარი ბიბლიოთეკა წიგნსაცავი 2018-12-17 12.50 633.5/9(213)(075.8)+634 ჯ-22 55031 2018-12-17 55031 2018-12-17 წიგნი 12.50 ₾.
          ბათუმის შოთა რუსთაველის სახელმწიფო უნივერსიტეტის მთავარი ბიბლიოთეკა ბათუმის შოთა რუსთაველის სახელმწიფო უნივერსიტეტის მთავარი ბიბლიოთეკა წიგნსაცავი 2018-12-17 12.50 633.5/9(213)(075.8)+634 ჯ-22 55032 2018-12-17 55032 2018-12-17 წიგნი 12.50 ₾.
          ბათუმის შოთა რუსთაველის სახელმწიფო უნივერსიტეტის მთავარი ბიბლიოთეკა ბათუმის შოთა რუსთაველის სახელმწიფო უნივერსიტეტის მთავარი ბიბლიოთეკა წიგნსაცავი 2018-12-17 12.50 633.5/9(213)(075.8)+634 ჯ-22 55033 2018-12-17 55033 2018-12-17 წიგნი 12.50 ₾.
          ბათუმის შოთა რუსთაველის სახელმწიფო უნივერსიტეტის მთავარი ბიბლიოთეკა ბათუმის შოთა რუსთაველის სახელმწიფო უნივერსიტეტის მთავარი ბიბლიოთეკა წიგნსაცავი 2018-12-17 12.50 633.5/9(213)(075.8)+634 ჯ-22 55034 2018-12-17 55034 2018-12-17 წიგნი 12.50 ₾.
          ბათუმის შოთა რუსთაველის სახელმწიფო უნივერსიტეტის მთავარი ბიბლიოთეკა ბათუმის შოთა რუსთაველის სახელმწიფო უნივერსიტეტის მთავარი ბიბლიოთეკა წიგნსაცავი 2018-12-17 12.50 633.5/9(213)(075.8)+634 ჯ-22 55035 2018-12-17 55035 2018-12-17 წიგნი 12.50 ₾.